Blue Lock : Deuxième Sélection Rank - Statistiques

Statistiques générales
  • Ce quiz a été pris 122 fois
  • Le résultat moyen est 8 sur 40
Statistiques - réponses
Joueur Rank % Correct
Meguru Bachira 16
87%
Itoshi Rin 1
60%
Seishiro Nagi 7
60%
Yoichi Isagi 15
50%
Aoshi Tokimitsu 3
49%
Jyubei Aryu 2
43%
Ryusei Shido 111
41%
Mikage Reo 10
34%
Shoei Baro 18
33%
Hyoma Chigiri 44
27%
Eita Otoya 33
24%
Ranze Kurona 4
23%
Rensuke Kunigami 50
21%
Gurimu Igarashi 108
19%
Tabito Karasu 69
16%
Nijiro Nanase 99
16%
Shingen Tanaka 5
14%
Ikki Niko 63
12%
Yo Hiori 27
10%
Asahi Naruhaya 38
10%
Kenyu Yukimiya 23
9%
Tsunzaki Taiga 100
8%
Hajime Nishioka 29
8%
Tsurugi Zantetsu 53
8%
Okuhito Iemon 101
7%
Yukio Ishikari 13
7%
Kiyora Jin 21
7%
Kyohei Shiguma 55
7%
Reiji Hiiragi 22
6%
Himizu AIki 77
6%
Gin Gagamaru 88
6%
Jingo Raichi 95
6%
Wataru Kuon 97
6%
Sokura Tetsu 20
5%
Endoji Akira 59
3%
Yudai Imamura 104
2%
Saramadara Kairu 51
2%
Junichi Wanima 74
2%
Haiji Shizuka 19
1%
Haruhiko Yuzu 98
1%
Aucun quiz correspondant
Distribution des résultats
% des personnes avec chaque résultat
Percentile par nombre de réponses
Votre historique - résultats
Vous n’avez pas pris ce quiz